1763 1891 1512 1719 1177 1056 1064 1923 1693 1861 1613 1244 1915 1060 1690 1735 1115 1723 1323 1224 1015 1373 1856 1853 1448 1038 1541 1804 1261 1585 1068 1403 1944 1812 1568 1768 1317 1664 1436 1722 1230 1945 1044 1227 1612 1255 1131 1866 1785 1342 1714 1937 1250 1204 1117 1571 1687 1118 1263 1035 1157 1556 1950 1364 1098 1088 1817 1844 1625 1754 1975 1088 1841 1391 1552 1980 1719 1999 1957 1403 1070 1868 1516 1954 1760 1883 1033 1394 1178 1979 1213 1441 1492 1600 1803 1503 1494 1760 1082 BCNSPRNW ULIB Ver.6.0+V

เปลี่ยนเป็นภาษาไทย

Change to English
 แสดงรายละเอียดบรรณานุกรม
  กลับหน้าหลัก

Brief Record : Get Marc (ISO 2709) : E-mail record : QR code < ปิดหน้าต่าง
LEADER : 00000nam 2200000uu 4500
001    13399124642
003     ULIB
008    151109s2554||||th 000 0 tha d
060  4 ^aWY18^bก461
111 2  ^aการสัมมนาวิชาการวิธีปฏิบัติงานที่ดี good Practice การแลกเปลี่ยนความรู้ทั้งภายในและภายนอกองค์กรเพื่อเสริมสร้างนวัตกรรมด้านการพัฒนาการประกันคุณภาพการศึกษาโดยพัฒนาการปฏิบัติงานที่ดี ( Good practice )^d(2554 : นนทบุรี)
245 10 ^aเอกสารประกอบการนำเสนอในการสัมมนาวิชาการวิธีปฏิบัติงานที่ดี good Practice การแลกเปลี่ยนความรู้ทั้งภายในและภายนอกองค์กรเพื่อเสริมสร้างนวัตกรรมด้านการพัฒนาการประกันคุณภาพการศึกษาโดยพัฒนาการปฏิบัติงานที่ดี (Good practice) วันที่ 24-25 มกราคม 2554 ณ โรงแรมเอเชีย แอร์พอร์ต
246 30 ^aการสัมมนาวิชาการวิธีปฏิบัติงานที่ดี good Practice การแลกเปลี่ยนความรู้ทั้งภายในและภายนอกองค์กรเพื่อเสริมสร้างนวัตกรรมด้านการพัฒนาการประกันคุณภาพการศึกษาโดยพัฒนาการปฏิบัติงานที่ดี (Good practice)
260    ^a[นนทบุรี] :^bฝ่ายประกันคุณภาพการศึกษา ส่วนพัฒนาการศึกษาสถาบันพระบรมราชชนก สำนักงานปลัดกระทรวง กระทรวงสาธารณสุข,^c2554
300    ^a335 หน้า:^bภาพประกอบ ;^c29 ซม.
650  2 ^aGood Practice
650  7 ^aวิธีปฏิบัติงานที่ดี^vการประชุม
710 2  ^aสถาบันพระบรมราชชนก
945    ^p0^l0^i000185
999    ^aเกษร โพธิ์สุวรรณ
รายการนี้ยังไม่มีแท็ก
คุณยังไม่ได้ล็อกอิน คุณสามารถมีกิจกรรมร่วมกับเว็บไซต์ได้ แต่ต้องล็อกอินก่อน ::
  ล็อกอิน

รายการสื่อสารสนเทศ

ลำดับที่ ประเภท เลขเรียก/บาร์โค้ด สถานที่ สถานะ
1. วิทยาศาสตร์การแพทย์ และสุขภาพ
หนังสือสำรอง
สถานะ=หนังสือสำรอง
WY18 ก461 ฉ.1 
  Barcode: 000185
ห้องสมุดวิทยาเขตสวรรค์ประชารักษ์
►ส่วนจัดเก็บหนังสือเก่า สปร
บนชั้น
  ขอยืม

รายการใกล้เคียง
    หัวเรื่อง [Good Practice]

BibComment


ยังไม่เคยถูกคอมเมนท์

คอมเมนท์ทรัพยากรรายการนี้
  คอมเมนท์: เอกสารประกอบการน..


 Copyright 2026. Bcnsprnw @Library